مكتبة جامعة عجلون الوطنية

فهرس بحث المكتبة

Normal view MARC view
  • معركة الكرامة - الاردن - تاريخ

Entry Topical Term

Number of records used in: 1

001 - CONTROL NUMBER

  • control field: 59608

003 - CONTROL NUMBER IDENTIFIER

  • control field: JO-AjAnu

005 - DATE AND TIME OF LATEST TRANSACTION

  • control field: 20230606083739.0

008 - FIXED-LENGTH DATA ELEMENTS

  • fixed length control field: 230606|| aca||aabn | a|a d

040 ## - CATALOGING SOURCE

  • Original cataloging agency: JO-AjAnu
  • Transcribing agency: JO-AjAnu

150 ## - HEADING--TOPICAL TERM

  • Topical term or geographic name entry element: معركة الكرامة - الاردن - تاريخ

670 ## - SOURCE DATA FOUND

  • Source citation: Work cat.: (JO-AjAnu)30400: الزغلوان، خولة ياسينواخرون، مشارك عثمان محمد المشاورة، مشارك سارة زياد فتوح؛ اشراف بكر خازر المجالي , author 59607, الموسوعة التاريخية المصورة: معركة الكرامة الخالدة الخميس 21 اذار 1986 قتال الجيش العربي الاردني على جبهة واسعة (اكثر من 1300كلم مربع وتصميم على الانتصار